Southville International School and Colleges
Your cart is empty.
  • Cart
  • Lists
    Public lists Eva Luna New books Lux_list list_1
    Your lists Log in to create your own lists
  • Log in to your account
  • Your cookies
  • Search history
Southville International School and Colleges
  • Advanced search
  • Recent comments
  • Most popular
  • Libraries

Log in to your account

Log in with GOOGLE


If you do not have an external account, but do have a local account, you can still log in:

  1. Home
  2. MARC view: Last man in tower:
Normal view MARC view ISBD view

Last man in tower: (Record no. 288158)

[ view plain ]
MARC details
000 -LEADER
fixed length control field 00540nam a2200169Ia 4500
008 - FIXED-LENGTH DATA ELEMENTS--GENERAL INFORMATION
fixed length control field 150610s9999 xx 000 0 und d
020 ## - INTERNATIONAL STANDARD BOOK NUMBER
International Standard Book Number 9780307950147
050 ## - LIBRARY OF CONGRESS CALL NUMBER
Classification number PR9619.4
Item number .A35l37 2011
100 ## - MAIN ENTRY--PERSONAL NAME
Personal name Adiga, Aravind
245 ## - TITLE STATEMENT
Title Last man in tower:
Remainder of title a novel /
Statement of responsibility, etc Aravind Adiga.
260 ## - PUBLICATION, DISTRIBUTION, ETC. (IMPRINT)
Place of publication, distribution, etc United States :
Name of publisher, distributor, etc Vintage Books,
Date of publication, distribution, etc 2011.
300 ## - PHYSICAL DESCRIPTION
Extent 555pages ;
Dimensions 18 cm.
520 ## - SUMMARY, ETC.
Summary, etc Fiction.
650 ## - SUBJECT ADDED ENTRY--TOPICAL TERM
Topical term or geographic name as entry element Apartment houses-India
General subdivision Fiction.
650 ## - SUBJECT ADDED ENTRY--TOPICAL TERM
Topical term or geographic name as entry element Real estate developers-India
General subdivision Fiction.
650 ## - SUBJECT ADDED ENTRY--TOPICAL TERM
Topical term or geographic name as entry element Social conflict-India
Topical term following geographic name as entry element Fiction.
Holdings
Withdrawn status Lost status Damaged status Home library Current library Shelving location Date acquired Total Checkouts Full call number Barcode Date last seen Price effective from Koha item type
      Stonyhurst Southville International School (Batangas) Stonyhurst Southville International School (Batangas) High School Section 06/10/2015   PR9619.4 .A35l37 2011 US-1778 06/10/2015 06/10/2015 Books

Last man in tower:

APA

Adiga A., . (2011). Last man in tower. United States: Vintage Books.

Chicago

Adiga Aravind, . 2011. Last man in tower. United States: Vintage Books.

Harvard

Adiga A., . (2011). Last man in tower. United States: Vintage Books.

MLA

Adiga Aravind, . Last man in tower. United States: Vintage Books. 2011.

  • Place hold
  • Print
  • Cite
  • Add to your cart (remove)
  • Save record
    BIBTEX Dublin Core MARCXML MARC (non-Unicode/MARC-8) MARC (Unicode/UTF-8) MARC (Unicode/UTF-8, Standard) MODS (XML) RIS
  • More searches
    Search for this title in:
    Other Libraries (WorldCat) Other Databases (Google Scholar) Online Stores (Bookfinder.com) Open Library (openlibrary.org)

Exporting to Dublin Core...

SOUTHVILLE LIBRARY

Southville International School and Colleges Library

1281 Tropical Ave. Cor. Luxembourg St., BF Homes International, Las Pinas City

Tel. No. 8256374 / 252358 Loc. 117/146

Powered by Koha